Thackeray : the major novels.

Bibliographic Details
Main Author: McMaster, Juliet
Format: Book
Language:English
Published: [Toronto] : University of Toronto Press, [1971]
Subjects:

MARC

Tag First Indicator Second Indicator Subfields
LEADER 00000cam a2200000 4500
001 in00000141613
005 20151005050146.0
008 720503s1971 onca b 00100 eng d
010 |a  76151380  
015 |a C*** 
020 |a 0802052401 
020 |a 0802000177 (microfiche) 
035 |a (OCoLC)01165019 
035 |9 AAR2930AM 
037 |c $7.50 
040 |a DLC  |c DLC  |d TXA  |d UtOrBLW 
049 |a TXAM  |c [1145459] 
050 0 0 |a PR5638  |b .M3 
082 0 |a 823/.8 
100 1 |a McMaster, Juliet. 
245 1 0 |a Thackeray :  |b the major novels. 
264 1 |a [Toronto] :  |b University of Toronto Press,  |c [1971] 
264 4 |c [©1971] 
300 |a xiii, 230 pages :  |b illustrations ;  |c 24 cm. 
336 |a text  |b txt  |2 rdacontent 
337 |a unmediated  |b n  |2 rdamedia 
338 |a volume  |b nc  |2 rdacarrier 
504 |a Includes bibliographical references. 
600 1 0 |a Thackeray, William Makepeace,  |d 1811-1863. 
999 |a MARS 
999 f f |s 2280e13d-db8b-380a-8aca-be024f9c2df1  |i 29db4283-8b41-3616-b6b5-9f64a95b2ab7  |t 0 
952 f f |p normal  |a Texas A&M University  |b College Station  |c Sterling C. Evans Library  |d Evans: Library Stacks  |t 0  |e PR5638 .M3  |h Library of Congress classification  |i unmediated -- volume  |m A14803980858 
998 f f |a PR5638 .M3  |t 0  |l Evans: Library Stacks